[Event "Sharjah Masters-A 8th"]
[Site "Sharjah"]
[Date "2025.05.19"]
[Round "3"]
[White "Kuybokarov, Temur"]
[Black "Pang, Tao"]
[Result "1/2-1/2"]
[WhiteElo "2542"]
[BlackElo "2485"]
[PlyCount "75"]
[EventDate "2025.05.17"]
[EventType "swiss"]
[EventRounds "9"]
[EventCountry "UAE"]
[SourceTitle "CB22_2025"]
[SourceDate "2025.05.28"]
[SourceVersion "1"]
[SourceVersionDate "2025.05.28"]
[SourceQuality "1"]

1. e4 e6 2. d4 d5 3. e5 c5 4. c3 Nc6 5. Nf3 Bd7 6. Be2 Nge7 7. 0-0 Ng6 8. g3 cxd4 9. cxd4 Be7 10. Nc3 0-0 11. h4 f6 12. h5 Nh8 13. h6 g5 14. exf6 Bxf6 15. Be3 Nf7 16. Qd2 Nxh6 17. Nxg5 Nf5 18. Nf3 Bg7 19. Bd3 Be8 20. Rae1 Bh5 21. Ng5 Qf6 22. Bf4 Ncxd4 23. Nb5 Nf3+ 24. Nxf3 Bxf3 25. Be2 Bxe2 26. Rxe2 a6 27. Be5 Qg6 28. Nd4 Nxd4 29. Qxd4 Bxe5 30. Rxe5 Rf6 31. Rfe1 Re8 32. Rxd5 Rxf2 33. Kxf2 Rf8+ 34. Kg2 exd5 35. Qxd5+ Qf7 36. Qxf7+ Kxf7 37. Rf1+ Kg7 38. Rxf8 1/2-1/2

[Event "Asia-ch Blitz"]
[Site "Al Ain"]
[Date "2025.05.10"]
[Round "1"]
[White "Grischuk, Alexander"]
[Black "Pang, Tao"]
[Result "1-0"]
[WhiteElo "2682"]
[BlackElo "2485"]
[PlyCount "31"]
[EventDate "2025.05.10"]
[EventType "swiss (blitz)"]
[EventRounds "9"]
[EventCountry "UAE"]
[SourceTitle "CB20_2025"]
[SourceDate "2025.05.14"]
[SourceVersion "1"]
[SourceVersionDate "2025.05.14"]
[SourceQuality "1"]

1. e4 e6 2. d4 d5 3. Nc3 Bb4 4. exd5 exd5 5. Bd3 Nc6 6. Nf3 Nge7 7. 0-0 0-0 8. Ne2 Bf5 9. Ng3 Bxd3 10. Qxd3 Bd6 11. Ng5 Ng6 12. Nf5 Nce7 13. Qh3 h6 14. Nxh6+ gxh6 15. Qxh6 Bxh2+ 16. Kh1 1-0

[Event "Asia-ch"]
[Site "Al Ain"]
[Date "2025.05.08"]
[Round "2"]
[White "Sobirov, Afruzbek"]
[Black "Pang, Tao"]
[Result "1-0"]
[WhiteElo "2178"]
[BlackElo "2485"]
[PlyCount "75"]
[EventDate "2025.05.07"]
[EventType "swiss"]
[EventRounds "9"]
[EventCountry "UAE"]
[SourceTitle "CB21_2025"]
[SourceDate "2025.05.21"]
[SourceVersion "1"]
[SourceVersionDate "2025.05.21"]
[SourceQuality "1"]

1. e4 c6 2. Nf3 d5 3. Nc3 Bg4 4. h3 Bxf3 5. Qxf3 e6 6. Be2 Nf6 7. 0-0 Bc5 8. Rd1 Bd4 9. Qf4 Bxc3 10. bxc3 Nxe4 11. Ba3 Nd7 12. Rab1 b6 13. c4 e5 14. Qe3 c5 15. cxd5 Nd6 16. f4 Qe7 17. fxe5 Qxe5 18. Qxe5+ Nxe5 19. d4 Nec4 20. Bxc5 Kd7 21. Bxd6 Nxd6 22. c4 Ne4 23. Rdc1 Kd6 24. Bf3 Rhe8 25. a4 f5 26. a5 Rab8 27. axb6 axb6 28. Rb5 g6 29. Rcb1 Kc7 30. R1b2 Ng3 31. c5 f4 32. d6+ Kd7 33. Rb1 h5 34. Kf2 g5 35. c6+ Kxd6 36. Rd5+ Kxc6 37. Rc1+ Kb7 38. Re5+ 1-0

[Event "Nanjing New Vigorous op 4th"]
[Site "Nanjing"]
[Date "2024.11.21"]
[Round "1"]
[White "Chen, Zhi"]
[Black "Pang, Tao"]
[Result "0-1"]
[WhiteElo "1982"]
[BlackElo "2333"]
[PlyCount "124"]
[EventDate "2024.11.21"]
[EventType "swiss"]
[EventRounds "9"]
[EventCountry "CHN"]
[SourceTitle "CB48_2024"]
[SourceDate "2024.11.28"]
[SourceVersion "1"]
[SourceVersionDate "2024.11.28"]
[SourceQuality "1"]

1. Nf3 Nf6 2. g3 c5 3. Bg2 Nc6 4. c4 d5 5. cxd5 Nxd5 6. Nc3 Nc7 7. 0-0 e5 8. d3 Be7 9. Be3 Be6 10. Nd2 Qd7 11. Nde4 b6 12. Ng5 Bxg5 13. Bxg5 0-0 14. Qa4 Nd5 15. Rfe1 f6 16. Bd2 Rfd8 17. Rad1 Rac8 18. h4 Qf7 19. Nxd5 Bxd5 20. Bc3 Bxg2 21. Kxg2 Nd4 22. Qc4 Rd5 23. Bxd4 Rxd4 24. Qxf7+ Kxf7 25. e3 Rd5 26. Kf3 Ke6 27. Ke2 Rcd8 28. Rg1 h5 29. g4 e4 30. d4 cxd4 31. exd4 Rxd4 32. Rxd4 Rxd4 33. gxh5 Rd7 34. h6 gxh6 35. Rg6 h5 36. Rh6 Rc7 37. Ke3 Rc2 38. Rxh5 Rxb2 39. Kxe4 Rxf2 40. a4 Ra2 41. Rh8 Rxa4+ 42. Ke3 Kf5 43. h5 Rh4 44. h6 Kg6 45. Ra8 Rxh6 46. Rxa7 Kf5 47. Ra4 Rh3+ 48. Kf2 Rb3 49. Rc4 Ke5 50. Ke2 f5 51. Kf2 f4 52. Ke2 f3+ 53. Kf2 b5 54. Rh4 Kd5 55. Rf4 Rd3 56. Rh4 Kc5 57. Rg4 b4 58. Rf4 b3 59. Rf7 Kb4 60. Rb7+ Kc3 61. Rc7+ Kd2 62. Rb7 Kc2 0-1

[Event "Abu Dhabi op-A 30th"]
[Site "Abu Dhabi"]
[Date "2024.08.22"]
[Round "7"]
[White "Pang, Tao"]
[Black "Audi, Ameya"]
[Result "1-0"]
[WhiteElo "2476"]
[BlackElo "2407"]
[PlyCount "75"]
[EventDate "2024.08.15"]
[EventType "swiss"]
[EventRounds "9"]
[EventCountry "UAE"]
[SourceTitle "EXT 2025"]
[Source "ChessBase"]
[SourceDate "2024.10.14"]
[SourceVersion "1"]
[SourceVersionDate "2024.10.14"]
[SourceQuality "1"]

1. c4 Nf6 2. Nc3 e6 3. e4 c5 4. e5 Ng8 5. d4 cxd4 6. Qxd4 Nc6 7. Qf4 d6 8. Nf3 Nge7 9. exd6 Ng6 10. Qe4 Bxd6 11. Be3 0-0 12. 0-0-0 Qe7 13. h4 f5 14. Qc2 h6 15. g4 Bc5 16. h5 Bxe3+ 17. fxe3 Nge5 18. Nxe5 Nxe5 19. gxf5 Ng4 20. f6 Qxf6 21. Ne4 Qe7 22. Qe2 e5 23. Bh3 Nf6 24. Nd6 Bxh3 25. Rxh3 Rad8 26. c5 Qe6 27. Rg3 Qxa2 28. e4 Qa1+ 29. Kc2 Qa4+ 30. Kb1 Nxe4 31. Rxg7+ Kh8 32. Rgg1 Rf4 33. Nf7+ Rxf7 34. Rxd8+ Kh7 35. Qd3 b6 36. Rh8+ Kxh8 37. Qd8+ Kh7 38. Qg8# 1-0

[Event "Abu Dhabi op-A 30th"]
[Site "Abu Dhabi"]
[Date "2024.08.21"]
[Round "6"]
[White "Poormosavi, Seyed Kian"]
[Black "Pang, Tao"]
[Result "0-1"]
[WhiteElo "2380"]
[BlackElo "2476"]
[PlyCount "96"]
[EventDate "2024.08.15"]
[EventType "swiss"]
[EventRounds "9"]
[EventCountry "UAE"]
[SourceTitle "EXT 2025"]
[Source "ChessBase"]
[SourceDate "2024.10.14"]
[SourceVersion "1"]
[SourceVersionDate "2024.10.14"]
[SourceQuality "1"]

1. e4 e6 2. d4 d5 3. exd5 exd5 4. h3 Bf5 5. Nf3 Bd6 6. Bd3 Ne7 7. 0-0 0-0 8. Nc3 Bxd3 9. Qxd3 Nbc6 10. Nb5 a6 11. Nxd6 Qxd6 12. c3 Qg6 13. Qxg6 Nxg6 14. Re1 Rfe8 15. Bd2 f6 16. g4 Kf7 17. Kg2 Rxe1 18. Rxe1 Rh8 19. Re2 Nd8 20. Ne1 Ne6 21. Nd3 Ne7 22. f3 g6 23. Be1 g5 24. Bg3 Ng6 25. b3 h5 26. Re1 h4 27. Bh2 Rc8 28. f4 gxf4 29. Rf1 Ng5 30. Bxf4 Ne4 31. c4 dxc4 32. bxc4 c5 33. d5 b5 34. Rc1 Nxf4+ 35. Nxf4 Nd6 36. Re1 Nxc4 37. Re6 Rd8 38. Rxa6 Ne3+ 39. Kf3 Nxd5 40. Ra7+ Kg8 41. Nxd5 Rxd5 42. Ke4 Re5+ 43. Kf4 c4 44. a4 b4 45. a5 b3 46. a6 b2 47. Ra8+ Kg7 48. Rb8 c3 0-1

[Event "Abu Dhabi op-A 30th"]
[Site "Abu Dhabi"]
[Date "2024.08.19"]
[Round "4"]
[White "Mendonca, Leon Luke"]
[Black "Pang, Tao"]
[Result "1-0"]
[WhiteElo "2621"]
[BlackElo "2476"]
[PlyCount "83"]
[EventDate "2024.08.15"]
[EventType "swiss"]
[EventRounds "9"]
[EventCountry "UAE"]
[SourceTitle "EXT 2025"]
[Source "ChessBase"]
[SourceDate "2024.10.14"]
[SourceVersion "1"]
[SourceVersionDate "2024.10.14"]
[SourceQuality "1"]

1. e4 e6 2. d4 d5 3. e5 c5 4. c3 Nc6 5. Nf3 Bd7 6. Be2 Nge7 7. Na3 cxd4 8. cxd4 Nf5 9. Nc2 Be7 10. Kf1 Nh4 11. Nxh4 Bxh4 12. Bd3 h5 13. b4 a5 14. b5 Nb4 15. a4 Be7 16. Ne3 Qb6 17. Bb2 0-0-0 18. h4 Kb8 19. Be2 f5 20. g3 f4 21. gxf4 g6 22. Kg2 Rdf8 23. Kg3 Qd8 24. Ng2 g5 25. hxg5 h4+ 26. Kh3 Bxg5 27. fxg5 Qxg5 28. Bc1 Qf5+ 29. Bg4 Qxf2 30. Ra3 Rhg8 31. Rh2 Rxg4 32. Qxg4 Qf1 33. Bh6 Nd3 34. Bxf8 Nf2+ 35. Kxh4 Nxg4 36. Bd6+ Ka7 37. Kxg4 Qd1+ 38. Kg3 Qxd4 39. Rh8 Qe4 40. Rc3 Qxa4 41. Bc5+ b6 42. Bd6 1-0

[Event "Abu Dhabi op-A 30th"]
[Site "Abu Dhabi"]
[Date "2024.08.15"]
[Round "1"]
[White "Pang, Tao"]
[Black "Xie, Felix"]
[Result "1-0"]
[WhiteElo "2476"]
[BlackElo "2326"]
[PlyCount "53"]
[EventDate "2024.08.15"]
[EventType "swiss"]
[EventRounds "9"]
[EventCountry "UAE"]
[SourceTitle "EXT 2025"]
[Source "ChessBase"]
[SourceDate "2024.10.14"]
[SourceVersion "1"]
[SourceVersionDate "2024.10.14"]
[SourceQuality "1"]

1. Nf3 Nf6 2. c4 g6 3. Nc3 Bg7 4. e4 e5 5. Nxe5 0-0 6. d3 Nxe4 7. dxe4 Bxe5 8. Be3 Bxc3+ 9. bxc3 d6 10. h4 h5 11. Be2 Qe7 12. g4 hxg4 13. Bxg4 Qxe4 14. Bf3 Qe5 15. Qd2 Nc6 16. 0-0-0 Bf5 17. h5 Qa5 18. Kb2 Ne5 19. Be2 Be6 20. Ka1 Bxc4 21. Bd4 Bxe2 22. Qh6 g5 23. Qxg5+ Kh7 24. Qf5+ Kh8 25. Qf6+ Kh7 26. Rdg1 Rg8 27. Rg6 1-0

[Event "Belgrade Serbia op"]
[Site "Belgrade"]
[Date "2024.07.16"]
[Round "5"]
[White "Pang, Tao"]
[Black "Aswath, S."]
[Result "1-0"]
[WhiteElo "2494"]
[BlackElo "2371"]
[PlyCount "91"]
[EventDate "2024.07.12"]
[EventType "swiss"]
[EventRounds "9"]
[EventCountry "SRB"]
[SourceTitle "CBM 221 Extra"]
[Source "ChessBase"]
[SourceDate "2024.09.30"]
[SourceVersion "1"]
[SourceVersionDate "2024.09.30"]
[SourceQuality "1"]

1. c4 e6 2. Nc3 d5 3. d4 Nf6 4. Bg5 c6 5. e3 Nbd7 6. cxd5 exd5 7. Bd3 Be7 8. h3 0-0 9. Bf4 c5 10. dxc5 Nxc5 11. Nge2 Nfe4 12. 0-0 Be6 13. Be5 Bf6 14. Bxf6 Qxf6 15. Bxe4 dxe4 16. b4 Rfd8 17. Nd4 Na6 18. Qb1 Bc4 19. Nxe4 Qe7 20. Rc1 Bd5 21. Nc5 Nxc5 22. Rxc5 b6 23. Rc3 g6 24. Qb2 Re8 25. f3 Rad8 26. a3 Qe5 27. Rac1 f5 28. f4 Qf6 29. Qf2 Rd7 30. Rc8 Rxc8 31. Rxc8+ Kg7 32. Kh2 Qe7 33. Qg3 Qf6 34. h4 Bb7 35. Re8 Kf7 36. Re6 Qd8 37. Re5 Rd5 38. h5 Qh8 39. Nf3 Rd6 40. Ng5+ Kf8 41. e4 Qg7 42. Ne6+ Rxe6 43. Rxe6 Bc8 44. Re5 Qf6 45. exf5 Bxf5 46. Qg5 1-0

[Event "Belgrade Serbia op"]
[Site "Belgrade"]
[Date "2024.07.13"]
[Round "2"]
[White "Grozdanovic, Anastasia"]
[Black "Pang, Tao"]
[Result "0-1"]
[WhiteElo "2035"]
[BlackElo "2494"]
[PlyCount "80"]
[EventDate "2024.07.12"]
[EventType "swiss"]
[EventRounds "9"]
[EventCountry "SRB"]
[SourceTitle "CBM 221 Extra"]
[Source "ChessBase"]
[SourceDate "2024.09.30"]
[SourceVersion "1"]
[SourceVersionDate "2024.09.30"]
[SourceQuality "1"]

1. d4 Nf6 2. c4 e6 3. Nf3 d5 4. Nc3 dxc4 5. e3 a6 6. a4 b6 7. Bxc4 Bb7 8. 0-0 Bb4 9. Qe2 0-0 10. Rd1 Qe7 11. Na2 Bd6 12. Nc3 c5 13. e4 cxd4 14. Nxd4 Nbd7 15. Bg5 Ne5 16. Bb3 Ng6 17. Nf3 h6 18. Bxf6 gxf6 19. Qd2 Bf4 20. Qd7 Rfd8 21. Qxe7 Nxe7 22. Rxd8+ Rxd8 23. Rd1 Rxd1+ 24. Bxd1 Bc1 25. Bc2 Bxb2 26. Nd1 Ba3 27. Nd4 Nc6 28. Nxc6 Bxc6 29. g4 Bc5 30. Nc3 Bd4 31. Na2 a5 32. Kf1 Kf8 33. f4 b5 34. axb5 Bxb5+ 35. Kg2 Bc4 36. Bb1 Be3 37. Kf3 Bd2 38. h4 e5 39. g5 fxg5 40. fxg5 h5 0-1

[Event "CHN-chT Div-A"]
[Site "Fuling"]
[Date "2024.07.04"]
[Round "8.3"]
[White "Wu, Yixing"]
[Black "Pang, Tao"]
[Result "1-0"]
[WhiteElo "2326"]
[BlackElo "2495"]
[PlyCount "117"]
[EventDate "2024.06.26"]
[EventType "team-swiss"]
[EventRounds "11"]
[EventCountry "CHN"]
[SourceTitle "CBM 221 Extra"]
[Source "ChessBase"]
[SourceDate "2024.09.30"]
[SourceVersion "1"]
[SourceVersionDate "2024.09.30"]
[SourceQuality "1"]
[WhiteTeam "Guangdong"]
[BlackTeam "Shenzhen Pengchengkulan"]
[WhiteTeamCountry "CHN"]
[BlackTeamCountry "CHN"]

1. Nf3 Nf6 2. g3 c5 3. c4 Nc6 4. Nc3 d5 5. d4 e6 6. cxd5 Nxd5 7. Bg2 cxd4 8. Nxd4 Ndb4 9. Nxc6 Qxd1+ 10. Kxd1 Nxc6 11. Nb5 Kd8 12. Be3 Bd7 13. Rc1 Be7 14. Rc2 a6 15. Bb6+ Kc8 16. Na7+ Kb8 17. Nxc6+ Bxc6 18. Rxc6 bxc6 19. Bxc6 Ra7 20. Bxa7+ Kxa7 21. Be4 Bf6 22. Kc2 Rc8+ 23. Kb1 Rd8 24. Bd3 Kb6 25. Rc1 h6 26. b4 Rd7 27. a3 Bd4 28. f3 a5 29. Rc4 e5 30. Ka2 Ra7 31. Kb3 axb4 32. Rxb4+ Kc7 33. a4 Rb7 34. Rxb7+ Kxb7 35. Kc4 Kc6 36. Be4+ Kd6 37. a5 Bg1 38. a6 Ba7 39. g4 f6 40. Bg6 Bg1 41. h3 Kc6 42. Be4+ Kd6 43. Kd3 Ba7 44. Bg6 Kc6 45. Bf7 Kb5 46. Bc4+ Kc5 47. Be6 Kb6 48. Bc8 Kc7 49. Bb7 h5 50. gxh5 f5 51. Kc4 e4 52. Kd5 exf3 53. exf3 f4 54. Ke5 Kd7 55. Kxf4 Ke6 56. Kg5 Kf7 57. Bd5+ Kf8 58. Kg6 Be3 59. Bc4 1-0

[Event "CHN-chT Div-A"]
[Site "Fuling"]
[Date "2024.07.02"]
[Round "6.3"]
[White "Meng, Yihan"]
[Black "Pang, Tao"]
[Result "1/2-1/2"]
[WhiteElo "2268"]
[BlackElo "2495"]
[PlyCount "60"]
[EventDate "2024.06.26"]
[EventType "team-swiss"]
[EventRounds "11"]
[EventCountry "CHN"]
[SourceTitle "CBM 221 Extra"]
[Source "ChessBase"]
[SourceDate "2024.09.30"]
[SourceVersion "1"]
[SourceVersionDate "2024.09.30"]
[SourceQuality "1"]
[WhiteTeam "Shanghai"]
[BlackTeam "Shenzhen Pengchengkulan"]
[WhiteTeamCountry "CHN"]
[BlackTeamCountry "CHN"]

1. e4 e6 2. d4 d5 3. exd5 exd5 4. Nf3 Nf6 5. Bd3 c5 6. dxc5 Bxc5 7. 0-0 0-0 8. Nc3 Nc6 9. h3 h6 10. Bf4 Be6 11. a3 Re8 12. Qd2 d4 13. Ne4 Nxe4 14. Bxe4 Bd5 15. Bxd5 Qxd5 16. Rfe1 Qf5 17. Bg3 a6 18. Rxe8+ Rxe8 19. Re1 Re6 20. Rxe6 Qxe6 21. Ne1 Bd6 22. Bxd6 Qxd6 23. Nf3 Qc5 24. Qd3 Ne5 25. Nxe5 Qxe5 26. g3 g6 27. h4 h5 28. Kg2 Kg7 29. Kf1 Qd5 30. c3 Qh1+ 1/2-1/2

[Event "CHN-chT Div-A"]
[Site "Fuling"]
[Date "2024.06.28"]
[Round "3.3"]
[White "Pang, Tao"]
[Black "Shen, Fuyan"]
[Result "1-0"]
[WhiteElo "2495"]
[BlackElo "1830"]
[PlyCount "158"]
[EventDate "2024.06.26"]
[EventType "team-swiss"]
[EventRounds "11"]
[EventCountry "CHN"]
[SourceTitle "CBM 221 Extra"]
[Source "ChessBase"]
[SourceDate "2024.09.30"]
[SourceVersion "1"]
[SourceVersionDate "2024.09.30"]
[SourceQuality "1"]
[WhiteTeam "Shenzhen Pengchengkulan"]
[BlackTeam "Shenzhen Qiyuwenhua"]
[WhiteTeamCountry "CHN"]
[BlackTeamCountry "CHN"]

1. Nf3 d5 2. e3 Nf6 3. c4 c6 4. Nc3 a6 5. b3 Bg4 6. h3 Bxf3 7. Qxf3 e6 8. Bb2 Nbd7 9. g4 Bb4 10. cxd5 cxd5 11. Bg2 0-0 12. 0-0 Rc8 13. Rfc1 h6 14. Qe2 Qe7 15. a3 Bd6 16. b4 b5 17. d3 Nb6 18. Qd1 Rc7 19. Rc2 Rfc8 20. Rac1 d4 21. Ne2 dxe3 22. fxe3 Nfd5 23. Rxc7 Rxc7 24. Rxc7 Bxc7 25. Qc1 Qd6 26. Bd4 Nd7 27. Kf2 Ne5 28. Bxe5 Qxe5 29. Bxd5 exd5 30. Ke1 g6 31. d4 Qh2 32. Kd2 a5 33. Qc6 axb4 34. axb4 Bd6 35. Qxb5 Qxh3 36. Qb6 Be7 37. Qb8+ Kh7 38. Qb7 Qh4 39. b5 Bb4+ 40. Kd3 Qe1 41. Qxf7+ Kh8 42. Qe8+ Kg7 43. Qd7+ Kh8 44. Qd8+ Kg7 45. Qc7+ Kf8 46. Qc1 Qxc1 47. Nxc1 h5 48. gxh5 gxh5 49. Ke2 h4 50. Nd3 h3 51. Kf3 Bd6 52. Nf4 h2 53. Kg2 Ke7 54. Kxh2 Bc7 55. Kg2 Kd6 56. Kf3 Bb6 57. Ke2 Bd8 58. Kd3 Bg5 59. Ne2 Bh6 60. Nc3 Bg7 61. b6 Bf8 62. b7 Kc7 63. Nxd5+ Kxb7 64. e4 Kc6 65. Kc4 Ba3 66. e5 Bf8 67. Ne3 Ba3 68. Kd3 Kd7 69. Ke4 Bb2 70. d5 Ke7 71. Nf5+ Kd7 72. e6+ Ke8 73. d6 Bf6 74. Kd5 Kd8 75. Nd4 Kc8 76. Nc6 Bh4 77. d7+ Kc7 78. d8Q+ Bxd8 79. Nxd8 Kxd8 1-0

[Event "Dubai op-A 24th"]
[Site "Dubai"]
[Date "2024.06.01"]
[Round "8"]
[White "Jumabayev, Rinat"]
[Black "Pang, Tao"]
[Result "1/2-1/2"]
[WhiteElo "2595"]
[BlackElo "2496"]
[PlyCount "82"]
[EventDate "2024.05.25"]
[EventType "swiss"]
[EventRounds "9"]
[EventCountry "UAE"]
[SourceTitle "CBM 220 Extra"]
[Source "ChessBase"]
[SourceDate "2024.07.31"]
[SourceVersion "1"]
[SourceVersionDate "2024.07.31"]
[SourceQuality "1"]

1. e4 e6 2. d4 d5 3. Nc3 dxe4 4. Nxe4 Nd7 5. Bd3 Ngf6 6. Qe2 Nxe4 7. Bxe4 c5 8. d5 e5 9. Nf3 Bd6 10. Nd2 Nf6 11. b3 0-0 12. Bb2 Nxe4 13. Nxe4 Bf5 14. f3 Bxe4 15. fxe4 f5 16. exf5 Rxf5 17. 0-0-0 Qg5+ 18. Qd2 Qxd2+ 19. Rxd2 e4 20. g3 e3 21. Re2 Rxd5 22. Rxe3 Bf8 23. c4 Rd7 24. Kc2 Rad8 25. Re2 Re7 26. Rxe7 Bxe7 27. Re1 Rd7 28. Re5 g6 29. Rd5 Rxd5 30. cxd5 b5 31. Kd3 Bd6 32. Ke4 Kf7 33. Bc1 h5 34. Bg5 a6 35. Be3 Ke7 36. Bf2 Kd7 37. h3 Ke7 38. Be1 Kf7 39. Kf3 Kf6 40. Bc3+ Be5 41. Bd2 Bd6 1/2-1/2

[Event "Dubai op-A 24th"]
[Site "Dubai"]
[Date "2024.05.27"]
[Round "3"]
[White "Pang, Tao"]
[Black "Ahmad, Al Khatib"]
[Result "1-0"]
[WhiteElo "2496"]
[BlackElo "2380"]
[PlyCount "60"]
[EventDate "2024.05.25"]
[EventType "swiss"]
[EventRounds "9"]
[EventCountry "UAE"]
[SourceTitle "CBM 220 Extra"]
[Source "ChessBase"]
[SourceDate "2024.07.31"]
[SourceVersion "1"]
[SourceVersionDate "2024.07.31"]
[SourceQuality "1"]

1. d4 Nf6 2. c4 e6 3. Nf3 c5 4. d5 exd5 5. cxd5 d6 6. Nc3 g6 7. e4 a6 8. a4 Bg4 9. Qb3 Bxf3 10. Qxb7 Nbd7 11. gxf3 Bg7 12. Qc6 Qb8 13. a5 0-0 14. Be2 Rc8 15. Qa4 c4 16. Qc2 Nc5 17. Ra3 Qb4 18. 0-0 Nfd7 19. Na2 Qb7 20. Bxc4 Ne5 21. Rc3 Nxc4 22. Rxc4 Nb3 23. Qd3 Rxc4 24. Qxc4 Rc8 25. Qa4 Nd4 26. Kg2 Qe7 27. Be3 Nc2 28. Bf4 Qf6 29. Rc1 Ne1+ 30. Kf1 Rxc1 1-0

[Event "Novi Sad TS GM 188th"]
[Site "Novi Sad"]
[Date "2024.02.20"]
[Round "9"]
[White "Kovalev, Vladislav"]
[Black "Pang, Tao"]
[Result "1/2-1/2"]
[WhiteElo "2579"]
[BlackElo "2451"]
[PlyCount "26"]
[EventDate "2024.02.15"]
[EventType "tourn"]
[EventRounds "9"]
[EventCountry "SRB"]
[EventCategory "7"]
[SourceTitle "EXT 2025"]
[Source "ChessBase"]
[SourceDate "2024.10.14"]
[SourceVersion "1"]
[SourceVersionDate "2024.10.14"]
[SourceQuality "1"]

1. e4 e6 2. d4 d5 3. Nd2 dxe4 4. Nxe4 Nd7 5. Nf3 Ngf6 6. Bd3 Nxe4 7. Bxe4 Nf6 8. Bg5 c5 9. 0-0 cxd4 10. Nxd4 Be7 11. Bxf6 Bxf6 12. c3 Qb6 13. Nb3 0-0 1/2-1/2

[Event "Novi Sad TS GM 188th"]
[Site "Novi Sad"]
[Date "2024.02.18"]
[Round "6"]
[White "Pang, Tao"]
[Black "Milosevic, Milos"]
[Result "1-0"]
[WhiteElo "2451"]
[BlackElo "2390"]
[PlyCount "79"]
[EventDate "2024.02.15"]
[EventType "tourn"]
[EventRounds "9"]
[EventCountry "SRB"]
[EventCategory "7"]
[SourceTitle "EXT 2025"]
[Source "ChessBase"]
[SourceDate "2024.10.14"]
[SourceVersion "1"]
[SourceVersionDate "2024.10.14"]
[SourceQuality "1"]

1. d4 Nf6 2. c4 g6 3. Nc3 d5 4. cxd5 Nxd5 5. Bd2 Bg7 6. e4 Nb6 7. Be3 0-0 8. Be2 Nc6 9. Nf3 Bg4 10. d5 Bxf3 11. gxf3 Ne5 12. Bd4 c5 13. Bxc5 Nec4 14. Qb3 Nxb2 15. Rc1 Rc8 16. Be3 N2c4 17. 0-0 Nxe3 18. fxe3 e6 19. f4 exd5 20. Nxd5 Nxd5 21. Qxd5 Qb6 22. Kf2 Rcd8 23. Qb3 Qf6 24. Kg3 Rd2 25. Rc2 Rxc2 26. Qxc2 g5 27. e5 Qh6 28. Qf5 Rd8 29. Bc4 Kh8 30. Bxf7 Rd2 31. Bh5 gxf4+ 32. exf4 Qc6 33. Bf3 Qc3 34. Kg4 Qc4 35. Be4 Qg8 36. Kh3 Rxa2 37. Rc1 Ra6 38. Rc8 Rh6+ 39. Kg2 Bf8+ 40. Kf1 1-0

[Event "Novi Sad TS GM 188th"]
[Site "Novi Sad"]
[Date "2024.02.16"]
[Round "2"]
[White "Pang, Tao"]
[Black "Sutormin, Danila"]
[Result "1-0"]
[WhiteElo "2451"]
[BlackElo "2325"]
[PlyCount "167"]
[EventDate "2024.02.15"]
[EventType "tourn"]
[EventRounds "9"]
[EventCountry "SRB"]
[EventCategory "7"]
[SourceTitle "EXT 2025"]
[Source "ChessBase"]
[SourceDate "2024.10.14"]
[SourceVersion "1"]
[SourceVersionDate "2024.10.14"]
[SourceQuality "1"]

1. c4 Nf6 2. Nc3 g6 3. d4 Bg7 4. e4 0-0 5. Nf3 d6 6. Be2 e5 7. 0-0 exd4 8. Nxd4 Re8 9. f3 Nc6 10. Be3 Nh5 11. Qd2 Nxd4 12. Bxd4 Nf4 13. Rfd1 Bxd4+ 14. Qxd4 Nxe2+ 15. Nxe2 b6 16. Nc3 Bb7 17. Rac1 Qg5 18. Nd5 Bxd5 19. cxd5 Re7 20. Rc2 f5 21. exf5 Qxf5 22. Rdc1 Rae8 23. h4 Re1+ 24. Kf2 R1e4 25. Qd2 Qf6 26. Qg5 Qd4+ 27. Kg3 R8e5 28. Qf6 Rg4+ 29. Kh3 Rxh4+ 30. Qxh4 Rh5 31. Qxh5 gxh5 32. Re2 Qxd5 33. Rxc7 Qf5+ 34. Kh2 Kf8 35. Rc4 Kg7 36. Rd4 d5 37. Red2 Qe5+ 38. g3 h4 39. Rxh4 Qe3 40. Rg4+ Kh8 41. Rc2 h5 42. Ra4 a5 43. Ra3 Qd4 44. Kg2 Kg7 45. Re2 h4 46. Rae3 hxg3 47. Kxg3 Kf7 48. f4 Qd1 49. Re7+ Kf6 50. R7e6+ Kf7 51. R6e5 Qg1+ 52. Rg2 Qd1 53. Ree2 Qd3+ 54. Kh2 Qc4 55. Rgf2 Qxa2 56. f5 Qc4 57. f6 Qh4+ 58. Kg2 Qg5+ 59. Kf1 Qc1+ 60. Kg2 Qg5+ 61. Kf3 a4 62. Re3 d4 63. Rd3 Qf5+ 64. Ke2 Qe4+ 65. Kd2 b5 66. Rg3 Qb1 67. Rg7+ Kf8 68. Rgg2 Qxb2+ 69. Kd3 Qc3+ 70. Ke4 Kf7 71. Rg7+ Kf8 72. Rgg2 Kf7 73. Rg7+ Ke6 74. Re7+ Kd6 75. Rf3 Qc4 76. Rd3 Qd5+ 77. Kf4 Qc4 78. Ke4 Qd5+ 79. Kf4 a3 80. Rxa3 Qh1 81. Ra6+ Kc5 82. Rc7+ Kb4 83. f7 Qh8 84. Rd7 1-0